Predikcia finančného zdravia podniku v závislosti od možnej investície

Analýza možnosti využitia predikčných modelov finančnej situácie podnikov. Bankrotné a bonitné modely, Index bonity a Tafflerov model. Výsledky aplikácie vybraných predikčných modelov.

Gespeichert in:
Bibliographische Detailangaben
1. Verfasser: Lukáč, Jozef, 1991-
Weitere Verfasser: Hybenová, Nikola
Format: Buchkapitel
Sprache:Slowakisch
Schlagworte:
Tags: Tag hinzufügen
Keine Tags, Fügen Sie das erste Tag hinzu!

MARC

LEADER 00000naa$a2200000$$$4500
001 0279951
005 20240502074336.9
041 0 |a slo 
044 |a SK 
245 1 0 |a Predikcia finančného zdravia podniku v závislosti od možnej investície  |c Jozef Lukáč, Nikola Hybenová 
520 |a Analýza možnosti využitia predikčných modelov finančnej situácie podnikov. Bankrotné a bonitné modely, Index bonity a Tafflerov model. Výsledky aplikácie vybraných predikčných modelov. 
610 2 0 |a analýza finančná 
610 2 0 |a zdravie podniku finančné 
610 2 0 |a podnik 
100 1 |a Lukáč, Jozef, 1991- 
700 1 |a Hybenová, Nikola